Traduction des pays européens en anglais - Statistiques

Statistiques générales
  • Ce quiz a été pris 344 fois
  • Le résultat moyen est 35 sur 45
Statistiques - réponses
Pays européen en français Pays européen en anglais % Correct
Belgique Belgium
96%
France France
95%
Allemagne Germany
93%
Albanie Albania
92%
Espagne Spain
92%
Italie Italy
90%
Monaco Monaco
90%
Russie Russia
90%
Bulgarie Bulgaria
89%
Croatie Croatia
89%
Finlande Finland
89%
Estonie Estonia
88%
Portugal Portugal
88%
Serbie Serbia
88%
Andorre Andorra
86%
Luxembourg Luxembourg
86%
Grèce Greece
85%
Malte Malta
84%
Royaume-Uni United Kingdom
84%
Vatican Vatican City
84%
Slovénie Slovenia
83%
Autriche Austria
81%
Ukraine Ukraine
79%
Moldavie Moldavia
78%
Roumanie Romania
78%
Suède Sweden
76%
Lituanie Lituania
75%
Liechtenstein Liechtenstein
74%
Norvège Norway
74%
Pologne Poland
74%
Irlande Ireland
72%
Monténégro Montenegro
72%
Suisse Switzerland
71%
Pays-Bas Netherlands
70%
Chypre Cyprus
67%
Islande Iceland
65%
Hongrie Hungary
64%
Macédoine du Nord North Macedonia
64%
Slovaquie Slovakia
63%
Biélorussie Belarus
59%
Danemark Denmark
57%
Lettonie Latvia
49%
Bosnie-Herzégovine Bosnia and Herzegovina
46%
Saint-Marin San Marino
45%
Tchéquie (République Tchèque) Czechia (Czech Republic)
42%
Aucun quiz correspondant
Distribution des résultats
% des personnes avec chaque résultat
Percentile par nombre de réponses
Votre historique - résultats
Vous n’avez pas pris ce quiz